Readings in Marketing Strategy

Na minha lista:
Detalhes bibliográficos
Autor principal: Larréché, Jean-Claude
Outros Autores: Strong, Edward C.
Formato: Livro
Idioma:inglês
Publicado em: Palo Alto Scientific Press 1982
Edição:1. ed.
Assuntos:
Tags: Adicionar Tag
Sem tags, seja o primeiro a adicionar uma tag!

MARC

LEADER 00000nam a2200000 4500
001 c001021
005 20221207074109.6
020 |a 0-89426-030-8 
041 0 |a eng 
044 |a US 
245 1 0 |a Readings in Marketing Strategy  |c Jean-Claude Larréché, Edward C. Strong 
250 |a 1. ed. 
264 1 |a Palo Alto  |b Scientific Press  |c 1982 
300 |a 316 s. 
610 2 0 |a marketing 
610 2 0 |a stratégia podniková 
610 2 0 |a priemysel 
610 2 0 |a trh 
610 2 0 |a konkurencia 
610 2 0 |a náklady 
610 2 0 |a efektívnosť investícií 
610 2 0 |a analýza trhu 
610 2 0 |a plánovanie strategické 
610 2 0 |a plánovanie výroby 
100 1 |a Larréché, Jean-Claude 
700 1 |a Strong, Edward C.